000 00505cam a2200193 4500
001 D6253
008 090401t1975 xxu||||| |||| 00| 0 eng d
035 _a(Sirsi) u93466
041 _aeng
050 _a624.08
100 _aJones, Glyn P
245 2 _aA new approach to the I.C.E. conditions of contract. Vol 1
260 _aLancaster
_bConstruction Press
_c1975
300 _avii. 195p. 21cm
350 _a0
520 _aUses flowcharts, not continuous text
942 _n0
948 _c04/03/1997
999 _c97836
_d97836